Análisis estadístico preliminar de la urbanización de América Latina entre 1850 y 1930
Los objetivos principales de este trabajo son: presentar ordenadamente una serie de datos censales y estimaciones sobre la población nacional y urbana de América Latina entre la década de 1850 aproximadamente y 1930. En el análisis se han incluido tres territorios más adicionales a las veinte nacion...
Tallennettuna:
| Aineistotyyppi: | Teksti |
|---|---|
| Aiheet: | |
| Tagit: |
Lisää tagi
Ei tageja, Lisää ensimmäinen tagi!
|
MARC
| LEADER | 00000 a a2200000 04500 | ||
|---|---|---|---|
| 001 | 16727 | ||
| 003 | |||
| 040 | |||
| 245 | |a Análisis estadístico preliminar de la urbanización de América Latina entre 1850 y 1930 | ||
| 520 | |a Los objetivos principales de este trabajo son: presentar ordenadamente una serie de datos censales y estimaciones sobre la población nacional y urbana de América Latina entre la década de 1850 aproximadamente y 1930. En el análisis se han incluido tres territorios más adicionales a las veinte naciones que forman América Latina: Jamaica, Trinidad y Tobago y Belice. Se pretende iniciar una primera comparación del proceso de urbanización en los veintitrés territorios mencionados durante esos ochenta años, aproximadamente | ||
| 650 | |a URBANISMO | ||
| 650 | |a POLITICA | ||
| 650 | |a ECONOMIA | ||
| 650 | |a SOCIEDAD | ||
| 650 | |a POBLACION | ||
| 650 | |a AMERICA LATINA | ||
| 650 | |a CRECIMIENTO DE LA POBLACION | ||
| 773 | |g volumen 15, 42/43; páginas 115-173 | ||
| 999 | |c 25273 |d 25273 | ||
